| 000 | 01557nam0a2200337 4500 | ||
|---|---|---|---|
| 001 | RU\NLR\BIBL_A\012641001 | ||
| 005 | 20211216140041.0 | ||
| 010 |
_a978-5-4370-0321-3 _95000 |
||
| 021 |
_aRU _bКН-П-21-045493 _9КН-П-21-3586 |
||
| 035 | _a(NLR Aleph) 012641001 | ||
| 090 |
_a12695747 _c12695747 |
||
| 100 | _a20211112d2021 e y0rusy50 ca | ||
| 101 | 1 |
_arus _ceng |
|
| 102 | _aRU | ||
| 105 | _aa|||zzzz000ay | ||
| 181 | 0 |
_ai3 _baxxe |
|
| 182 | 0 | _an | |
| 200 | 1 |
_aТайны анатомии _e[для старшего школьного возраста] _fнаписала и проиллюстрировала Кэрол Доннер _gперевод с английского Ирины Гуровой _gпод редакцией профессора медицинского факультета Гарвардского университета Ильи Гельфанда |
|
| 203 |
_aТекст _bвизуальный _cнепосредственный |
||
| 210 |
_aМосква _cРозовый жираф _d2021 |
||
| 215 |
_a155 с. _cцв. ил. _d22x24 |
||
| 333 | _a6+ | ||
| 606 | 1 |
_aЧеловек _jИздания для детей _xАнатомия _92080069 _3RU\NLR\AUTH\661255980 |
|
| 686 | 0 |
_aШ9 _bР |
|
| 700 | 1 |
_7ca _8rus _aДоннер _bК. _gКэрол _9201495 _3RU\NLR\AUTH\770201546 |
|
| 702 | 1 |
_4040 _7ca _8rus _aДоннер _bК. _gКэрол _9201495 _3RU\NLR\AUTH\770201546 |
|
| 942 | _cBOOK | ||
| 980 | _aNB | ||